Big Data Management and Analytics (Record no. 43575)

MARC details
000 -LEADER
fixed length control field 00552nam a22001817a 4500
005 - DATE AND TIME OF LATEST TRANSACTION
control field 20250404165648.0
008 - FIXED-LENGTH DATA ELEMENTS--GENERAL INFORMATION
fixed length control field 250404b |||||||| |||| 00| 0 eng d
020 ## - INTERNATIONAL STANDARD BOOK NUMBER
International Standard Book Number 9798886130812
041 ## - LANGUAGE CODE
Language code of text/sound track or separate title eng
082 ## - DEWEY DECIMAL CLASSIFICATION NUMBER
Classification number 658.472 GUP
100 ## - MAIN ENTRY--PERSONAL NAME
Author Gupta, Brij B.
245 ## - TITLE STATEMENT
Title Big Data Management and Analytics
260 ## - PUBLICATION, DISTRIBUTION, ETC.
Place New Jersey
Publisher World Scientific Pub.
Publication Year 2024
300 ## - PHYSICAL DESCRIPTION
Extent 257;. pages: 23 cm
650 ## - SUBJECT ADDED ENTRY--TOPICAL TERM
Subject Business intelligence; Information Technology; Electronic Data Processing; Data Mining; Strategic Planning
700 ## - ADDED ENTRY--PERSONAL NAME
Co-Author Mamta
942 ## - ADDED ENTRY ELEMENTS (KOHA)
Koha item type Books
Holdings
Withdrawn status Lost status Source of classification or shelving scheme Damaged status Not for loan Home library Current library Shelving location Accession Date Vendor Price Bill number Total Checkouts Full call number Barcode No Date last seen Discount Bill Date Koha item type Suggested By
    Dewey Decimal Classification     IMTN IMTN Rack 33-B 03/27/2025 Raghav Books Private Limited 1695.00 2374   658.472 GUP 33846 04/04/2025 30 02/14/2025 Books Dr. Mantha Raghu (Head Librarian)
Designed & Maintained by: LRC IMT Nagpur Contact: lrc@imtnag.ac.in© 2024. All Rights Reserved.